Problémy německé hospodářské a měnové unie. 1.

Štátna zmluva medzi SRN a NDR o vytvorení menovej, hospodárskej a sociálnej únie z mája 1990 a problémy hospodársko-politického zjednotenia Nemecka. Problémy prestavby, pokusy o pomoc ekonomike NDR (problém vlastníctva výrobných prostriedkov, daňové opatrenia na podporu odbytov výrobkov NDR, ofenzív...

Celý popis

Uložené v:
Podrobná bibliografia
Hlavný autor: Willgerodt, H.
Médium: Kapitola
Jazyk:Czech
Predmet:
Tagy: Pridať tag
Žiadne tagy, Buďte prvý, kto otaguje tento záznam!

MARC

LEADER 00000naa a2200000 4500
001 r002471
005 20220819181044.0
041 0 |a cze 
044 |a [CS] 
245 1 0 |a Problémy německé hospodářské a měnové unie. 1.  |c H. Willgerodt 
520 |a Štátna zmluva medzi SRN a NDR o vytvorení menovej, hospodárskej a sociálnej únie z mája 1990 a problémy hospodársko-politického zjednotenia Nemecka. Problémy prestavby, pokusy o pomoc ekonomike NDR (problém vlastníctva výrobných prostriedkov, daňové opatrenia na podporu odbytov výrobkov NDR, ofenzívna výrobná a odbytová politika, oslobodenie podnikov od dlhov voči štátu, zmena dispozičného práva ku kapitálu v NDR). Psychológia reformy. 
610 2 0 |a zmluvy medzinárodné 
610 2 0 |a NDR 
610 2 0 |a Nemecko 
610 2 0 |a integrácia ekonomická medzinárodná 
610 2 0 |a mena 
610 2 0 |a reformy hospodárske 
610 2 0 |a politika sociálna 
610 2 0 |a politika daňová 
610 2 0 |a podnik 
610 2 0 |a integrácia menová 
100 1 |a Willgerodt, H.